| 000 | 01456cam a22003131i 4500 | ||
|---|---|---|---|
| 003 | SA-RiAUC | ||
| 005 | 20241014080816.0 | ||
| 008 | 241013s2000 su ab f b f00110dara c | ||
| 020 | _a9960624536 | ||
| 040 |
_aSA-RiAUC _bara _cSA-RiAUC _erda |
||
| 082 | 0 | 4 |
_a811.9 _qSA-RiAUC |
| 090 |
_a811.9 _bد خ ي |
||
| 100 | 1 |
_aالدخيل، وفيقة بنت عبد المحسن بن عبد الله، _d1368 هجري- _eمؤلف. |
|
| 245 | 1 | 0 |
_aشعر الكتاب في القرن الرابع الهجري / _cوفيقة بنت عبد المحسن بن عبد الله الدخيل. |
| 250 | _aالطبعة الأولى. | ||
| 264 | 1 |
_aالرياض : _bمكتبة الملك عبد العزيز العامة، _c2000 |
|
| 300 |
_a723 صفحة : _bجداول، خرائط ؛ _c25 سم. |
||
| 336 |
_aنص _btxt _2rdacontent _3كتاب |
||
| 337 |
_aبدون وسيط _bn _2rdamedia |
||
| 338 |
_aمجلد _bnc _2rdacarrier |
||
| 490 | 0 |
_aسلسلة الأعمال المحكمة ؛ _v24 |
|
| 500 | _aالأصل أطروحة دكتوراه-جامعة الملك سعود، كلية الآداب. | ||
| 500 | _aيشتمل على كشافات. | ||
| 504 | _aببليوجرافية : صفحة 681-701. | ||
| 650 | 7 |
_aالشعر العربي _xتاريخ ونقد _yالعصر العباسي _2aucsh |
|
| 650 | 7 |
_aالشعراء العرب _yالعصر العباسي _vتراجم _2aucsh |
|
| 942 |
_2ddc _cBOOK _n0 |
||
| 949 |
_aSA-JeALM _d241013 _umohamedma123 _n1 |
||
| 999 |
_c1298 _d1298 |
||